000 01121nji a22003017a 4500
005 20100903161258.0
006 a|||||r|||||00| 0
007 sd ammalaaahaa
008 100830t xxu||||| |||| 00| 0 eng d
028 _aN. 5015
_bOdeon
035 _aGR-03012
040 _aSED
_cSED
100 _917455
_aLata Mangeshkar
245 _aThe genuine of Naushad
_cby Naushad
_h[sound recording] :
246 _aथे जेनुइने ऑफ़ नौशाद /नौशा द्वारा
260 _aDum Dum, India
_bOdeon
300 _a1 sound disc [Gramophone Recording]:
_banalog, 33 1/3 rpm
_c13 in. (LP)
_fGramophone Record
500 _aBrief Record
505 _a Side १ जवान है मुह्हब्बत (Jawan muhabbat) Side-2 छोड़ बाबु का घर(Chhod babul ka ghar) (Lata mangeshkar)
650 _aClassical music
_zIndia
_91186
_xExcerpts
700 _917416
700 _917456
700 _919067
700 _919087
700 _919088
942 _2ddc
_cGR
999 _c46104
_d46104